Formy podpory malého a stredného podnikania diplomová práca

Guardado en:
Detalles Bibliográficos
Autor principal: Janovčík, Miroslav
Autor Corporativo: Obchodná fakulta EU. Katedra služieb a cestovného ruchu - zrušené
Otros Autores: Strážovská, Helena
Formato: Libro
Lenguaje:eslovaco
Publicado: Bratislava 2009
Etiquetas: Agregar Etiqueta
Sin Etiquetas, Sea el primero en etiquetar este registro!

MARC

LEADER 00000nam$a2200000$$$4500
001 0099513
005 20240318140132.1
041 0 |a slo 
044 |a SK 
245 1 0 |a Formy podpory malého a stredného podnikania  |b diplomová práca  |c Miroslav Janovčík ; škol. Helena Strážovská 
264 1 |a Bratislava  |c 2009 
300 |a 92 s. 
100 1 |a Janovčík, Miroslav 
700 1 |a Strážovská, Helena 
710 2 |a Obchodná fakulta EU. Katedra služieb a cestovného ruchu - zrušené